000 00786nam a2200289 a 4500
001 vtls000216894
003 NLI
005 20210602121056.0
008 101126s1980 ii 001 0 eng
020 _cRs. 20.00
039 9 _y201011260116
_zVLOAD
040 0 _aNLI
_beng
_cDatasoft 1
_eAACR2
041 0 _aeng
044 _aii
082 0 4 _a343.30954
100 1 _aBanerjee, Paresh Chandra
_9235689
245 1 4 _aThe law of corruption /
_cby Paresh Chandra Banerjee
260 _aKalyani :
_bPunna Pub.,
_cc1980
300 _a134 p. ;
_c22 cm.
500 _aIncludes index
650 0 _aBribery
_zIndia
_9340299
650 0 _aPolitical corruption
_zIndia
887 _a
901 _aDB39355
_b12.03.1981
902 _aE 343.30954 B 223
999 _aVIRTUA40
_c219952
_d219952
942 _2ddc
_cBKS